000 00471nam a22001817a 4500
003 CEME
005 20210628204106.0
008 210111b xxu||||| |||| 00| 0 eng d
020 _a9780071624008
040 _cceme
082 _a621.3675 HAR
100 _aHarper, Gavin, D.J
_968700
245 _aHolography projects for the evil genius
260 _aNEW YORK
_bMCGRAW HILL
_c2010
300 _aXIV,157P
650 _aHOLOGRAPHY PROJECTS.
_968701
942 _cBK
_2ddc
999 _c576194
_d576194